skbl

Dr Suryya Kumar Bhuyan Library Web-OPAC
ডঃ সূৰ্য্য
কুমাৰ ভূঞা পুথিভঁৰাল ৱেব-অ'পেক

All Research Scholars are advised to clear the annual library fees to continue using Library Resources, Remote Access, Plagiarism Test and Library Clearance.

Cotton University Book Fair 2026

Indian political thought (Record no. 65676)

MARC details
000 -LEADER
fixed length control field 00434nam a2200157Ia 4500
001 - CONTROL NUMBER
control field 64576
008 - FIXED-LENGTH DATA ELEMENTS--GENERAL INFORMATION
fixed length control field 210405n ii |||gr||||Z||||||465
020 ## - INTERNATIONAL STANDARD BOOK NUMBER
International Standard Book Number 9789388658270
082 ## - DEWEY DECIMAL CLASSIFICATION NUMBER
Classification number 320.954
100 ## - MAIN ENTRY--PERSONAL NAME
Personal name Gauba, O.P.,
Relator term Author.
245 #0 - TITLE STATEMENT
Title Indian political thought
Statement of responsibility, etc. O.P. Gauba
Medium Textual Documents
260 ## - PUBLICATION, DISTRIBUTION, ETC.
Place of publication, distribution, etc. New Delhi:
Name of publisher, distributor, etc. National Paperbacks,
Date of publication, distribution, etc. 2019.
300 ## - PHYSICAL DESCRIPTION
Extent x, 212 p.:
Dimensions 18 cm.
653 ## - INDEX TERM--UNCONTROLLED
Uncontrolled term Politics-India
942 ## - ADDED ENTRY ELEMENTS (KOHA)
Source of classification or shelving scheme Dewey Decimal Classification
Koha item type Books
Holdings
Withdrawn status Lost status Damaged status Not for loan Collection Home library Current library Date acquired Source of acquisition Coded location qualifier Cost, normal purchase price Total checkouts Total renewals Full call number Barcode Date last seen Date last checked out Copy number Price effective from Koha item type Public note
          Dr. Suryya Kumar Bhuyan Library Dr. Suryya Kumar Bhuyan Library 05/04/2021 28 00000 250.00 2 1 320.954 G23I 2568/cu/pol 11/02/2026 30/01/2026 1 05/04/2021 Books 28

Designed and Maintained by Team SKBL
©1901-2026

Powered by Koha